Statistiken für Verbreitung der arabischen Sprache

Klicken Sie hier um das Quiz zu spielen!

Allgemein

  • Dieses Quiz wurde 188 mal gespielt
  • Das Durchschnittsergebnis liegt bei 17 aus 20

Antwortstatistiken

PlatzLandAnteilAnzahl% Korrekt
3.Saudi-Arabien95%33.073.000
97%
4.Irak77,2%31.052.000
96%
6.Marokko65%23.992.000
94%
14.Oman76,7%3.917.000
94%
1.Ägypten98,8%101.106.000
93%
2.Algerien86%37.712.000
93%
5.Jemen99,6%29.707.000
93%
8.Syrien90%15.751.000
93%
13.
Vereinigte Arabische Emirate42%4.154.000
93%
18.Iran2%1.680.000
92%
11.Libyen96%6.596.000
89%
12.Libanon93%6.348.000
88%
10.Tunesien69,9%8.261.000
88%
15Kuwait78,1%3.335.000
87%
19Israel18%1.659.000
84%
7.Sudan49,4%27.554.000
83%
20.Türkei1,4%1.181.000
83%
9.Jordanien97,9%9.989.000
82%
16.Tschad12,3%2.020.000
65%
17.Frankreich2,5%1.685.000
26%

Verteilung der Resultate

Perzentil nach korrekt beantworteten Fragen

Anzahl Personen mit jedem Resultat

Ihre Resultats-Entwicklung

Sie haben dieses Quiz noch nicht gespielt